Normal view
MARC view
Entry Personal Name
001 - CONTROL NUMBER
- control field: 49944
003 - CONTROL NUMBER IDENTIFIER
- control field: ARRUPE
005 - DATE AND TIME OF LATEST TRANSACTION
- control field: 20201020142724.0
008 - FIXED-LENGTH DATA ELEMENTS
- fixed length control field: 201020|| aca||aabn | a|a d
040 ## - CATALOGING SOURCE
- Original cataloging agency: ARRUPE
- Transcribing agency: ARRUPE
100 ## - HEADING--PERSONAL NAME
- Personal name: Roberts, Tom
- Titles and other words associated with a name: (Editor-at-large)
670 ## - SOURCE DATA FOUND
- Source citation: Work cat.: (ARRUPE)0: Roberts, Tom (Editor-at-large), The emerging Catholic Church :, c2011.